Nations in the 1968 Winter Olympics - Statistics

General Stats
  • This quiz has been taken 28 times
  • The average score is 30 of 37
Answer Stats
Hint Answer % Correct
Asia Japan
100%
America Argentina
95%
America Canada
95%
Asia South Korea
95%
America United States
95%
Asia India
90%
Oceania Australia
86%
Europe Austria
86%
Europe Denmark
86%
Europe Finland
86%
Europe Great Britain
86%
Europe Greece
86%
Europe Hungary
86%
Europe Italy
86%
Africa Morocco
86%
Europe Netherlands
86%
Oceania New Zealand
86%
Europe Norway
86%
Europe Soviet Union
86%
Europe Spain
86%
Europe Sweden
86%
Europe Switzerland
86%
America Chile
81%
Europe France
81%
Europe Iceland
81%
Europe Poland
81%
Asia Turkey
81%
Europe Bulgaria
76%
Asia Iran
76%
Europe Czechoslovakia
71%
Europe East Germany
71%
Europe Romania
71%
Europe West Germany
71%
Europe Yugoslavia
71%
Europe Liechtenstein
62%
Asia Mongolia
62%
Asia Lebanon
43%
No matching quizzes found
Score Distribution
Percent of People with Each Score
Percentile by Number Answered
Your Score History
You have not taken this quiz